1725 1447 1850 1506 1364 1425 1925 1948 1908 1484 1014 1198 1813 1883 1269 1744 1625 1629 1979 1982 1725 1550 1108 1136 1699 1931 1070 1941 1380 1232 1443 1644 1168 1542 1407 1489 1930 1781 1536 1054 1537 1948 1113 1491 1712 1142 1700 1221 1058 1014 1287 1597 1543 1255 1294 1314 1295 1439 1149 1902 1654 1015 1830 1222 1000 1353 1742 1504 1327 1364 1069 1453 1940 1773 1823 1950 1719 1832 1201 1437 1292 1489 1741 1318 1752 1689 1360 1186 1034 1388 1635 1335 1303 1903 1221 1706 1130 1547 1187 BCNSPRNW ULIB Ver.6.0+V

เปลี่ยนเป็นภาษาไทย

Change to English
 แสดงรายละเอียดบรรณานุกรม
  กลับหน้าหลัก

Brief Record : Get Marc (ISO 2709) : E-mail record : QR code < ปิดหน้าต่าง
LEADER : 00000nam 2200000uu 4500
001    13399114397
003     ULIB
008    120327s2551||||th 000 0 tha d
020    ^a9789741383696
090    ^aนว.^bพ626จ 2551
100 0  ^aพาสเวิร์ด
245 00 ^aเจ้าหัวใจทะเลทราย/^cพาสเวิร์ด
250    ^aพิมพ์ครั้งที่ 3
260    ^aกรุงเทพฯ :^bอักษรศาสตร์,^c2551
300    ^a267 หน้า
710 1  ^aอักษรศาสตร์
945    ^p229^l0^i15405
995    ^aกัณชพร
999    ^aใช้งานได้ทุกระบบ
รายการนี้ยังไม่มีแท็ก
คุณยังไม่ได้ล็อกอิน คุณสามารถมีกิจกรรมร่วมกับเว็บไซต์ได้ แต่ต้องล็อกอินก่อน ::
  ล็อกอิน

รายการสื่อสารสนเทศ

ลำดับที่ ประเภท เลขเรียก/บาร์โค้ด สถานที่ สถานะ
1. วิทยาศาสตร์การแพทย์ และสุขภาพ
วิทยาศาสตร์การแพทย์ และสุขภาพ
นว. พ626จ 2551  
  Barcode: 15405
ห้องสมุดวิทยาเขตสวรรค์ประชารักษ์
►นวนิยาย
บนชั้น
  ขอยืม

รายการใกล้เคียง
    ผู้แต่ง [พาสเวิร์ด]

BibComment


ยังไม่เคยถูกคอมเมนท์

คอมเมนท์ทรัพยากรรายการนี้
  คอมเมนท์: เจ้าหัวใจทะเลทรา..


 Copyright 2026. Bcnsprnw @Library